|
|
|
|
| LEADER |
01708nam a2200289 a 4500 |
| 001 |
28921 |
| 003 |
BD-DhAAL |
| 005 |
20241101171701.0 |
| 008 |
150227r20061996bg 000 1 ben d |
| 020 |
|
|
|a 9844150299
|
| 040 |
|
|
|a BD-DhAAL
|c BD-DhAAL
|
| 041 |
0 |
|
|a ben
|
| 082 |
0 |
0 |
|a 891.44
|2 23
|
| 100 |
1 |
|
|a নজরুল ইসলাম,
|c কাজী,
|d ১৮৯৯-১৯৭৬.
|9 53229
|
| 245 |
1 |
0 |
|a শ্রেষ্ঠ নজরুল :
|b নজরুল রচনাবলীর প্রকাশিত-অপ্রকাশিত সংকলন /
|c আব্দুল মান্নান সৈয়দ কর্তৃক সংকলিত ও সম্পাদিত.
|
| 260 |
|
|
|a ঢাকা :
|b প্রতীক প্রকাশনা,
|c ১৯৯৬ [পুনর্মুদ্রণ ২০০৬, ২০১২].
|
| 300 |
|
|
|a [১২] ৬৭৬ পৃষ্ঠা ;
|c ২২ সে.মি.
|
| 500 |
|
|
|a Poem and Novel
|
| 541 |
1 |
|
|a Donated By Akbar Ali Khan
|e 28921, 40173
|
| 600 |
|
|
|a Nazrul Islam,
|c Kazi,
|d 1899-1976.
|9 52789
|
| 650 |
|
0 |
|a Bengali literature.
|9 52790
|
| 700 |
1 |
|
|a সৈয়দ, আব্দুল মান্নান.
|9 8823
|
| 852 |
|
|
|a Ayesha Abed Library
|c Akbar Ali Khan Collection
|
| 942 |
|
|
|2 ddc
|c BK
|
| 999 |
|
|
|c 33805
|d 33805
|
| 952 |
|
|
|0 0
|1 0
|2 ddc
|4 0
|6 891_440000000000000_NAZ
|7 0
|9 52786
|a BRACUL
|b BRACUL
|c GEN
|d 2015-02-27
|e BRAC Institute of Language (BIL)
|l 2
|m 30
|o 891.44 NAZ
|p 3010028921
|r 2026-01-13
|s 2026-01-06
|t 1
|w 2015-02-27
|y BK
|x Transferred from BIL to BRACUL on 06/06/22
|
| 952 |
|
|
|0 0
|1 0
|2 ddc
|4 0
|6 891_440000000000000_NAZ
|7 1
|9 72461
|a BRACUL
|b BRACUL
|c AAKC
|d 2022-12-12
|e Donated by Akbar Ali Khan
|g 425.00
|l 0
|o 891.44 NAZ
|p 3010040173
|r 2022-12-12
|t 2
|w 2022-12-12
|y BK
|